Catálogo - Centro de Recursos para el Aprendizaje y la Investigación
Volver al Sitio - CRAI Biblioteca| 000 -CABECERA | |
|---|---|
| campo de control de longitud fija | 01650nam a2200265 4500 |
| 001 - NÚMERO DE CONTROL | |
| campo de control | 113577 |
| 003 - IDENTIFICADOR DEL NÚMERO DE CONTROL | |
| campo de control | DR-UNIBE |
| 005 - FECHA Y HORA DE LA ÚLTIMA TRANSACCIÓN | |
| campo de control | 20250509062545.0 |
| 008 - DATOS DE LONGITUD FIJA--INFORMACIÓN GENERAL | |
| campo de control de longitud fija | 250508b2008 mx ||||| |||| 00| 0 spa d |
| 020 ## - NÚMERO INTERNACIONAL ESTÁNDAR DEL LIBRO | |
| Número Internacional Estándar del Libro | 9786074680454 |
| 040 ## - FUENTE DE LA CATALOGACIÓN | |
| Centro catalogador/agencia de origen | BIBLIOTECA UNIBE |
| Centro/agencia transcriptor | BIBLIOTECA UNIBE |
| Lengua de catalogación | spa |
| Normas de descripción | rda |
| 041 ## - CÓDIGO DE LENGUA | |
| Código de lengua del texto/banda sonora o título independiente | spa |
| 082 ## - NÚMERO DE LA CLASIFICACIÓN DECIMAL DEWEY | |
| Número de edición | 22 |
| Número de clasificación | 347.014 B224u |
| 100 #0 - ENTRADA PRINCIPAL--NOMBRE DE PERSONA | |
| Nombre de persona | Barak, Aharon, |
| Fechas asociadas al nombre | 1936- |
| Término indicativo de función/relación | autor |
| 9 (RLIN) | 193500 |
| 245 13 - MENCIÓN DE TÍTULO | |
| Título | Un juez reflexiona sobre su labor : |
| Resto del título | el papel de un tribunal constitucional en una democracia / |
| Mención de responsabilidad, etc. | Aharon Barak ; traducción de, Estefanía Vela Barba |
| 260 ## - PUBLICACIÓN, DISTRIBUCIÓN, ETC. | |
| Lugar de publicación, distribución, etc. | México : |
| Nombre del editor, distribuidor, etc. | Suprema Corte de Justicia de la Nación, |
| Fecha de publicación, distribución, etc. | 2008 |
| 300 ## - DESCRIPCIÓN FÍSICA | |
| Extensión | xxii. 202 páginas : |
| Dimensiones | 21 x 13 cm |
| 500 ## - NOTA GENERAL | |
| Nota general | Obra publica en noviembre de 2002 como prólogo para u número especial del Harvard Law Review, con el título “The Supreme Court, 2001 Term— Foreword: A Judge on Judging: The Role of a Supreme Court in Democracy”. Comentario de la obra en la contraportada |
| 505 ## - NOTA DE CONTENIDO CON FORMATO | |
| Nota de contenido con formato | Presentación |<br/>Capítulo I. El papel de un tribunal constitucional |<br/>Capítulo II. Precondiciones para la función judicial |<br/>Capítulo III. Los medios para cumplir con la función judicial |<br/>Capítulo IV. La relación entre el tribunal constitucional y las otras ramas del Gobierno |<br/>Capítulo V. El tribunal constitucional y el problema del terrorismo |<br/>Capítulo VI. ¿Qué del futuro? |
| 650 #7 - PUNTO DE ACCESO ADICIONAL DE MATERIA--TÉRMINO DE MATERIA | |
| Fuente del encabezamiento o término | lemb |
| Término de materia o nombre geográfico como elemento de entrada | Jueces |
| Subdivisión geográfica | México |
| 9 (RLIN) | 195087 |
| 700 10 - PUNTO DE ACCESO ADICIONAL--NOMBRE DE PERSONA | |
| Nombre de persona | Vela Barba, Estefanía |
| 9 (RLIN) | 195083 |
| Término indicativo de función/relación | traductor |
| 700 10 - PUNTO DE ACCESO ADICIONAL--NOMBRE DE PERSONA | |
| Nombre de persona | Reynoso Núñez, José |
| 9 (RLIN) | 195084 |
| Término indicativo de función/relación | revisión de traducción |
| 710 10 - PUNTO DE ACCESO ADICIONAL--NOMBRE DE ENTIDAD CORPORATIVA | |
| Nombre de entidad corporativa o nombre de jurisdicción como elemento de entrada | Comité de Publicaciones y Promoción Educativa |
| 9 (RLIN) | 194812 |
| Término indicativo de función/relación | presentación |
| 942 ## - ELEMENTOS DE PUNTO DE ACCESO ADICIONAL (KOHA) | |
| Fuente del sistema de clasificación o colocación | Sistema de Clasificación Decimal Dewey |
| Tipo de ítem Koha | Libro (general) |
| Estado de retiro | Estado de pérdida | Fuente del sistema de clasificación o colocación | No para préstamo | Código de colección | Localización permanente | Fecha de adquisición | Total de préstamos | Signatura topográfica completa | Código de barras | Fecha visto por última vez | Número de copia | Precio válido a partir de | Tipo de ítem Koha |
|---|---|---|---|---|---|---|---|---|---|---|---|---|---|
| Disponible | Sistema de Clasificación Decimal Dewey | General | Biblioteca Central UNIBE | 08/04/2025 | 347.014 B224u | 250419 | 08/05/2025 | Ej. 1 | 08/05/2025 | Libro (general) | |||
| Disponible | Sistema de Clasificación Decimal Dewey | General | Biblioteca Central UNIBE | 08/04/2025 | 347.014 B224u | 250219 | 09/10/2025 | Ej. 2 | 08/05/2025 | Libro (general) |